Kvalitná vysokoškolská učebnica ako motivačný nástroj pre výučbu
Možnosti prípravy vysokoškolskej učebnice ako motivačného nástroja pre výučbu. Význam vysokoškolskej učebnice v rámci vyučovacieho procesu. Cenný zdroj informácií prostredníctvom ktorého študenti zvládajú problematiku daného predmetu.
Saved in:
| Main Author: | |
|---|---|
| Format: | Book Chapter |
| Language: | Slovak |
| Subjects: | |
| Tags: |
No Tags, Be the first to tag this record!
|
MARC
| LEADER | 00000naa a2200000 4500 | ||
|---|---|---|---|
| 001 | 0123021 | ||
| 005 | 20231010125318.0 | ||
| 041 | 0 | |a slo | |
| 044 | |a SK | ||
| 245 | 1 | 0 | |a Kvalitná vysokoškolská učebnica ako motivačný nástroj pre výučbu |c Katarína Teplická |
| 520 | |a Možnosti prípravy vysokoškolskej učebnice ako motivačného nástroja pre výučbu. Význam vysokoškolskej učebnice v rámci vyučovacieho procesu. Cenný zdroj informácií prostredníctvom ktorého študenti zvládajú problematiku daného predmetu. | ||
| 610 | 2 | 0 | |a vzdelávanie |
| 610 | 2 | 0 | |a vzdelávanie vysokoškolské |
| 610 | 2 | 0 | |a predmety učebné |
| 610 | 2 | 0 | |a výučba vedecká |
| 610 | 2 | 0 | |a programy študijné |
| 610 | 2 | 0 | |a didaktika |
| 610 | 2 | 0 | |a pedagogika |
| 610 | 2 | 0 | |a učebnice |
| 610 | 2 | 0 | |a knihy |
| 610 | 2 | 0 | |a zdroje informácií |
| 100 | 1 | |a Teplická, Katarína | |